A course in ordinary differential equations
Wedi'i Gadw mewn:
| Prif Awdur: | |
|---|---|
| Fformat: | Llyfr |
| Iaith: | Undetermined |
| Cyhoeddwyd: |
Pangbourne, England
Alpha Science International Ltd.
2002
|
| Pynciau: | |
| Tagiau: |
Ychwanegu Tag
Dim Tagiau, Byddwch y cyntaf i dagio'r cofnod hwn!
|
| Thư viện lưu trữ: | Trung tâm Học liệu Trường Đại học Cần Thơ |
|---|
| LEADER | 00598nam a2200193Ia 4500 | ||
|---|---|---|---|
| 001 | CTU_131648 | ||
| 008 | 210402s9999 xx 000 0 und d | ||
| 020 | |c 1138000 | ||
| 082 | |a 515.352 | ||
| 082 | |b R149 | ||
| 100 | |a Rai, B. | ||
| 245 | 2 | |a A course in ordinary differential equations | |
| 245 | 0 | |c B. Rai, D. P. Choudhury and Herbert I. Freedman | |
| 260 | |a Pangbourne, England | ||
| 260 | |b Alpha Science International Ltd. | ||
| 260 | |c 2002 | ||
| 650 | |a Differential equations.,Phương trình vi phân | ||
| 904 | |i Minh | ||
| 980 | |a Trung tâm Học liệu Trường Đại học Cần Thơ | ||